Statistics for Huge Logo Quiz

Click here to take the quiz!

General Stats

  • This quiz has been taken 17 times
  • The average score is 116 of 334

Answer Stats

Answer% Correct
McDonald's
100%
Amazon
93%
TikTok
93%
Barbie
79%
Burger King
79%
YouTube
79%
BMW
71%
Coca Cola
71%
Fa
71%
FaceBook
71%
Apple
64%
EBay
64%
Hello Kitty
64%
IKEA
64%
Microsoft
64%
Pepsi
64%
Pizza Hut
64%
Red Bull
64%
Starbucks
64%
Adidas
57%
Among us
57%
Android
57%
Audi
57%
Chrome
57%
Disney
57%
Google
57%
Honda
57%
Instagram
57%
Intel
57%
KFC
57%
Louis Vuitton
57%
Monster
57%
NASA
57%
Nike
57%
Nintendo
57%
Pinterest
57%
Play Station
57%
Pringles
57%
PUMA
57%
Subway
57%
Twitter
57%
VolksWagen
57%
Wikipedia
57%
Windows
57%
Bluetooth
50%
Calvin Klein
50%
CNN
50%
Dell
50%
Domino's
50%
Dove
50%
Dream Works
50%
Dr. Pepper
50%
Dunkin' Donuts
50%
FireFox
50%
Ford
50%
Fortnite
50%
General Motors
50%
Haribo
50%
Harley-Davidson
50%
Harry Potter
50%
Hewlett-Packard
50%
Kellogg's
50%
KitKat
50%
Lay's
50%
Lego
50%
Levi's
50%
LG
50%
Lipton
50%
Mario
50%
Marlboro
50%
Marvel
50%
MasterCard
50%
Mercedes
50%
Minecraft
50%
M&M's
50%
NBA
50%
Netflix
50%
Nutella
50%
Omega
50%
Oreo
50%
PayPal
50%
Roblox
50%
Samsung
50%
Sony
50%
Sprite
50%
Superman
50%
Tesla
50%
Toyota
50%
Twix
50%
Uber
50%
Visa
50%
Warner Bros.
50%
WhatsApp
50%
Xbox
50%
7Up
43%
Adobe
43%
Atari
43%
BBC
43%
BIC
43%
Blockbuster
43%
Canon
43%
Chanel
43%
Chevrolet
43%
Chicago Bulls
43%
Converse
43%
Cosmopolitan
43%
Dodge
43%
DropBox
43%
Evian
43%
Fanta
43%
Ferrari
43%
Gillette
43%
Gmail
43%
Gucci
43%
Heineken
43%
Hyundai
43%
ITunes
43%
Jack Daniel's
43%
KIA
43%
Lakers
43%
Lexus
43%
LinkedIn
43%
L'oreal
43%
Motorola
43%
Mr. Beast
43%
Nesquik
43%
Nestle
43%
Nickelodeon
43%
Plants vs Zombies
43%
Porsche
43%
Rolex
43%
Shell
43%
Skittles
43%
Skype
43%
Snapchat
43%
Snickers
43%
Tinder
43%
Virgin
43%
Volvo
43%
Yahoo
43%
ABC
36%
Air Jordan
36%
AliExpress
36%
Always
36%
Beats
36%
Budweiser
36%
Cadbury
36%
Cartoon Network
36%
Cisco
36%
Clash of Clans
36%
Dior
36%
FedEx
36%
Fiat
36%
Fila
36%
Gap
36%
Gatorade
36%
Good Year
36%
Head & Shoulders
36%
Hershey's
36%
IBM
36%
In-n-Out
36%
Internet Explorer
36%
Kodak
36%
Lacoste
36%
Mars
36%
Mazda
36%
Milka
36%
Mini
36%
Minute Maid
36%
Mitsubishi
36%
MTV
36%
Nissan
36%
Nivea
36%
Nokia
36%
Philips
36%
Ray-Ban
36%
Schweppes
36%
SEGA
36%
Siemens
36%
Suzuki
36%
Tic Tac
36%
Tissot
36%
T-Mobile
36%
Toys R Us
36%
UPS
36%
Wi-Fi
36%
WWF
36%
Yamaha
36%
Bayer
29%
BlackBerry
29%
Blizzard
29%
Blu-ray
29%
Bose
29%
BP
29%
Champion
29%
Citi bank
29%
Corona
29%
Discovery
29%
Dolce & Gabbana
29%
Duracell
29%
DVD
29%
Electronic Arts
29%
FIFA
29%
Firestone
29%
Fisher-Price
29%
Folgers
29%
Foot Locker
29%
Giorgio Armani
29%
Guinness
29%
Haagen-Dazs
29%
Hard Rock
29%
HBO
29%
Kool-Aid
29%
Michelin
29%
NBC
29%
New Balance
29%
Opel
29%
Opera
29%
Panasonic
29%
Peugeot
29%
Renault
29%
Skoda
29%
Texaco
29%
Tommy Hilfiger
29%
TripAdvisor
29%
Umbro
29%
AMD
21%
American Eagle
21%
AXA
21%
British Airways
21%
Cadillac
21%
Carrefour
21%
CBS
21%
Chiquita
21%
Chrysler
21%
FBI
21%
Flickr
21%
Genshin Impact
21%
Greenpeace
21%
Hilton
21%
JVC
21%
Kleenex
21%
Kraft
21%
Land Rover
21%
MG
21%
Microsoft Edge
21%
Nescafe
21%
Nikon
21%
Nvidia
21%
Ralph Lauren
21%
Reebok
21%
Sanyo
21%
Tefal
21%
The North Face
21%
THQ
21%
Timberland
21%
Uncle Ben's
21%
United
21%
WWE
21%
Airbus
14%
Alitalia
14%
Allianz
14%
Aston Martin
14%
Baidu
14%
Bridgestone
14%
Chevron
14%
Columbia Pictures
14%
GMC
14%
HSBC
14%
Huawei
14%
IMDB
14%
Konica Minolta
14%
Logitech
14%
Lucasarts
14%
Lucky Strike
14%
Marriott
14%
Michael Kors
14%
Mobil
14%
MSN
14%
Napster
14%
Netscape
14%
Olay
14%
Pantene
14%
Pirelli
14%
Quiksilver
14%
Rexona
14%
Rover
14%
SAP
14%
Seiko
14%
Sharp
14%
Sheraton
14%
Sony Ericsson
14%
Swarovski
14%
Unicef
14%
Unilever
14%
Vodafone
14%
Walkman
14%
Western Digital
14%
Winston
14%
Aldo
7%
Amtrak
7%
AOL
7%
Ariel
7%
Bosch
7%
Camper
7%
Candy Crash
7%
Compaq
7%
Dacia
7%
Dakine
7%
Dragon
7%
Endemondo
7%
Fiba
7%
Godiva
7%
Gordon's Gin
7%
htc
7%
Johnnie Walker
7%
Lee
7%
Lotto
7%
Mauntain Dew
7%
NIKITA
7%
Prada
7%
Rossignol
7%
Smart
7%
TDK
7%
Telefonica
7%
Tom Tom
7%
Ulker
7%
United Colors of Benetton
7%
Verbatim
7%
Wilkinson
7%
Anic Cloting
0%
BlackBerry Messenger
0%
Сitroen
0%
SubwaySerfers
0%

Score Distribution

Percentile by Number Answered

Percent of People with Each Score

Your Score History

You have not taken this quiz